|
|
|
|
| LEADER |
00734nam a22002292a 4500 |
| 001 |
001105351 |
| 003 |
CZ BrMZK |
| 005 |
20101122125838.0 |
| 007 |
ta |
| 008 |
100712s1950 fr er|||||||||||fre d |
| 040 |
|
|
|a BOA001
|b cze
|
| 041 |
1 |
|
|a fre
|h ger
|
| 100 |
1 |
|
|a Kleist, Heinrich von,
|d 1777-1811
|7 jn19990004410
|4 aut
|
| 245 |
1 |
0 |
|a Michael Kohlhaas /
|c Heinrich von Kleist ; traduit de l'allemand par Laurence Lentin ; préface d'Aragon
|
| 260 |
|
|
|a Paris :
|b Éditeurs Français Réunis,
|c 1950
|
| 300 |
|
|
|a 160 s.
|
| 500 |
|
|
|a Přeloženo z němčiny
|
| 910 |
|
|
|a BOA001
|b 1-0295.032
|
| 990 |
|
|
|a BK
|
| 993 |
|
|
|a Y
|
| 991 |
|
|
|b 201007
|
| 996 |
7 |
|
|b 2619383298
|c 1-0295.032
|l MZK
|r Sklad / do 1 hodiny
|n 1
|w 001132087
|u 000010
|a 1
|e BOA001
|j MZK50
|s A
|